00325nam a2200133Ia 4500003000900000008004100009040001300050040001300063100001900076245006900095260001300164300000800177490000600185IT-RoPAU120407s9999 xx 000 0 und d aIT-RoPAU cIT-RoPAU aArmando Corona aDal bisturi alla squadra. La massoneria italiana senza cappuccio aBompiani c cm v1